LEADER 00761nab a2200145 i 4500 001 000000264473 003 CaOOAMICUS 005 20060627000000.0 008 060627n xx uu u0 0und r 013 $a7122 040 $aSeMil$bita 245 10$aTempo ordinario :$bDomeniche 13.-23., Trasfigurazione del Signore, Assunzione B.V. Maria. - 32 p. ; 25 cm. - (Ascolto e Annuncio ; Anno B, 7). - Titolo dalla prima pagina. 500 $a18 giugno 2006 - Supplemento. 773 0 $t[2006 : Gennaio-Giugno].$dBologna : Centro Editoriale Dehoniano, 2006.$w()146663 996 $6245$aTempo ordinario :$bDomeniche 13.-23., Trasfigurazione del Signore, Assunzione B.V. Maria. - 32 p. ; 25 cm. - (Ascolto e Annuncio ; Anno B, 7). - Titolo dalla prima pagina.$9(OLS)http://semarc/title/357006 LEADER 00401nab a2200145 i 4500 001 000000266641 003 CaOOAMICUS 005 20190402153024.0 008 070608n xx uu u0 0und r 013 $a10757 040 $aSeMil$bita 245 10$a2006 : 3. 773 0 $t2006.$dBerlin ; New York : De Gruyter, copyr. 2006.$w()162157 996 $6245$a2006 : 3$9(OLS)http://semarc/title/139860